People by Images - 'B' - Statistics

General Stats
  • This quiz has been taken 71 times
  • The average score is 8 of 16
Answer Stats
Picture Hint Answer % Correct
President Barack Obama
99%
Prime Minister Boris Johnson
93%
Singer Beyoncé
91%
Dictator Benito Mussolini
90%
Singer Bob Marley
87%
Singer Britney Spears
87%
Actor Benedict Cumberbatch
82%
Baseball Player Babe Ruth
76%
Actress Betty White
60%
Queen Boudica
54%
Diplomat Ban Ki-moon
19%
Explorer Bartolomeu Dias
3%
Footballer Birgit Prinz
3%
Queen Bona Sforza
1%
Scientist Barbara McClintock
0%
King Bhumibol Adulyadej
0%
No matching quizzes found
Score Distribution
Percent of People with Each Score
Percentile by Number Answered
Your Score History
You have not taken this quiz